=LDR 00000nam 2200000 4500 =001 INLIS000000000003851 =005 20130612092144 =008 ***********************************Ind** =035 ##$$0010-061300000003851 =041 ##$$a Ind =082 ##$$a 574.07 =090 ##$$a 574.07, Bio =245 ##$$a Biologi SMU untuk kelas 1 Cawu 1, Drs.Soedarjatmo...[et al.] =250 ##$$a Seri Kimia =260 ##$$a 1992 $b Semarang =300 ##$$a 67 hlm., ilus., 28 cm =650 ##$$a Biologi =650 ##$$a Studi dan pengajaran =700 ##$$a Sudaryatmo =850 ##$$a NBPNMAT =990 ##$$a 0001/BPAP-NTB/2016